000 00590nam a2200205 a 4500
005 20260415064211.0
008 040115s2003 mx r 000 0 spa d
020 _a8471124874
035 _aUPN01000131322
049 _aCG
050 4 _aLB1117
_bG5.3
100 1 _aGimeno Sacristán, José,
_d1947-
_930980
245 1 3 _aEl alumno como invención /
_cJosé Gimeno Sacristán.
260 _aMadrid :
_bMorata,
_cc2003.
300 _a255 p. :
_bil.
440 0 _aPedagogía.
_pManuales
650 4 _aEducación
_xHistoria
_96182
650 4 _aEvaluación educativa
_94298
905 _aLibro
999 _c103477
_d103477